=LDR 00000nam 2200000 4500 =001 INLIS000000000037425 =005 20130612143146 =008 ***********************************Ind** =035 ##$$0010-061300000037425 =041 ##$$a Ind =082 ##$$a 650 =090 ##$$a 650, Eko c =100 ##$$a Ekorama, Suryono =245 ##$$a Cara gampang bikin bisnis Franchise, Suryono Ekorama; Penyunting, Krisnawati =260 ##$$a 2008 $b Yogyakarta =300 ##$$a 120 hlm, Ilus, 21 cm =650 ##$$a Bisnis =850 ##$$a NBPNMAT =990 ##$$a 0001/BPAP-NTB/20142015